|
|
|
|
| LEADER |
01047nam a22002772a 4500 |
| 001 |
000788293 |
| 003 |
CZ BrMZK |
| 005 |
20140818150336.0 |
| 007 |
ta |
| 008 |
050906s1960 xr er|||||||||||cze d |
| 015 |
|
|
|a cnb000730177
|
| 035 |
|
|
|a (OCoLC)85705116
|
| 040 |
|
|
|a BOA001
|b cze
|
| 041 |
0 |
|
|a cze
|a rus
|
| 245 |
0 |
0 |
|a Russkij jazyk pro 11. ročník :
|b pokusná učebnice /
|c Josef Veselý ... [et al.]
|
| 250 |
|
|
|a 1. vyd.
|
| 260 |
|
|
|a Praha:
|b Státní pedagogické nakladatelství,
|c 1960
|
| 300 |
|
|
|a 223 s.
|
| 490 |
1 |
|
|a Učebnice pro všeobecně vzdělávací školy
|
| 700 |
1 |
|
|a Veselý, Josef,
|d 1911-1994
|7 jk01142184
|4 aut
|
| 830 |
|
0 |
|a Učebnice pro všeobecně vzdělávací školy
|0 s
|
| 910 |
|
|
|a BOA001
|b PK-0025.146
|b 2-0443.957
|
| 964 |
|
|
|a Ruština - učebnice pokusné - školy střední dvanáctileté
|
| 990 |
|
|
|a BK
|
| 996 |
6 |
|
|b 2619087855
|c 2-0443.957
|l MZK
|r Sklad / do 24 hodin
|n 0
|w 000788293
|u 000020
|a 1
|e BOA001
|j MZK50
|s P
|
| 996 |
6 |
|
|b BC-232998
|c PK-0025.146
|l MZK
|r Sklad / do 1 hodiny
|n 0
|w 000788293
|u 000010
|a 1
|e BOA001
|j MZK50
|s P
|